00314nam a2200097Ia 4500008004100000245006100041245003900102260000900141650001800150856004800168171204s9999 xx 000 0 und d aIntegrated Imaging of the Earth: Theory and Applications cMax Moorkamp and Peter G. Leli?vre c2016 xEarth Science uhttp://down.ebook777.com/050/1118929055.pdf